Trabajo y paro en la sociedad postindustrial
Guardado en:
| Autor principal: | |
|---|---|
| Formato: | Libro |
| Lenguaje: | español |
| Publicado: |
Madrid
Consejo Económico y Social España
2008
|
| Edición: | 1a. ed |
| Materias: | |
| Etiquetas: |
Agregar Etiqueta
Sin Etiquetas, Sea el primero en etiquetar este registro!
|
MARC
| LEADER | 00000nam a2200000 a 4500 | ||
|---|---|---|---|
| 001 | UCH8603 | ||
| 003 | CL-VaPUC | ||
| 008 | 091203e20080000SP |||||||||||||||||spa|d | ||
| 020 | |a 9788481882964 | ||
| 082 | 0 | 4 | |a 344.01 |b SAN |2 21 |
| 100 | 0 | |a Sanchis, Enric |e author |9 545249 | |
| 245 | 1 | 0 | |a Trabajo y paro en la sociedad postindustrial |
| 250 | |a 1a. ed | ||
| 300 | |a 293 p | ||
| 942 | |c BK | ||
| 945 | |d 20091203 00:00:00 |a rbrito | ||
| 260 | |a Madrid |b Consejo Económico y Social España |c 2008 | ||
| 650 | 7 | |a DERECHO LABORAL |2 CL-VaPUC |9 15 | |
| 650 | 7 | |a HUELGA |2 CL-VaPUC |9 17 | |
| 650 | 0 | |a Trabajadores |9 260887 | |
| 650 | 7 | |a CONTRATO DE TRABAJO |2 CL-VaPUC |9 545250 | |
| 650 | 0 | |a Industrialización |9 263687 | |
| 583 | |a last modification |c 20170803 11:08:13 |k Rodrigo Vera | ||
| 999 | |c 338814 |d 338812 | ||
| 952 | |0 0 |1 0 |4 0 |6 344_010000000000000_SAN_2008 |7 0 |8 A |9 431946 |a BIBDER |b BIBDER |d 2019-11-22 |i 4622251 |o 344.01 SAN 2008 |p 4622251 |r 2023-01-25 |w 2019-11-22 |y BK |k DER | ||